Date e Segno zodiacale - Quiz n°4 - Statistics

Statistiche generali
  • Questo quiz è stato fatto 4 volte
  • Il punteggio medio è 8 su 10
Statistiche sulle risposte
Hint Risposta % Corretto
28 marzo Ariete
100%
21 febbraio Pesci
100%
10 dicembre Sagittario
100%
11 novembre Scorpione
100%
11 ottobre Bilancia
75%
27 maggio Gemelli
75%
8 novembre Scorpione
75%
12 settembre Vergine
75%
12 aprile Ariete
50%
21 settembre Vergine
50%
Nessun quiz corrispondente trovato
Distribuzione punteggi
Percentuale di utenti per punteggio
Percentile per numero di risposta
I tuoi punteggi nel tempo
Non hai fatto questo quiz